Coordinación estatal del programa CONAFE - educación intensiva para todos los niños 11 - 14.

Guardado en:
Detalles Bibliográficos
Autores corporativos: Consejo Nacional de Fomento Educativo (México), Centro de Estudios Generales e Investigación y Difusión del Folklore
Formato: Libro
Idioma:Español
Temas:
Etiquetas: Agrega una etiqueta
Sin etiquetas, Sé el primero en etiquetar este registro!

MARC

LEADER 00000cam^a2200000uu^4500
001 000463952
005 20250521000000.0
008 050901s1981^^^^^^^^^^^^rd^r^^000^0^spa^d
009 20260310124325.25
035 |a FCE 000006504 
035 |a FCE 025416 
037 |a Acervo ITESO - Biblioteca 
041 |a spa 
082 0 4 |a 372.1  |b SEGc 
110 |a Consejo Nacional de Fomento Educativo (México) 
245 1 0 |a Coordinación estatal del programa CONAFE - educación intensiva para todos los niños 11 - 14. 
264 |a Tamaulipas :  |b CEBIET,  |c 1981. 
300 |a 157 p. 
336 |a texto  |b txt  |2 rdacontenido 
337 |a sin mediación  |b n  |2 rdamedio 
338 |a volumen  |b nc  |2 rdasoporte 
649 |a XX 
650 |a Programa de educación 
650 |a Educación básica 
650 |a Niño 
650 |a Programa de actividades 
710 |a Centro de Estudios Generales e Investigación y Difusión del Folklore 
910 |a Fondo Centro de Estudios Educativos 
920 |a Impresos - Libros 
930 |a Fondos Especiales 
905 |a 133 
901 |a ALE025416  |b IT2  |c CEE  |u 20250521 
901 |a ALE042170  |b IT2  |c CEE  |u 20250521 
902 |a https://opac.biblio.iteso.mx/vufind/Record/000463952